000 00709nam a2200217Ia 4500
003 GCL
008 140319s9999 xx 000 0 ara d
040 _aGCL /
_cGCL
082 0 4 _a191
_bع ج
100 1 _aعبدالرحمن بدوى
245 1 0 _aجيتة الديوان الشرقى للمؤلف الغربى /
_cعبدالرحمن بدوى
700 1 _aجيته، يوهان فلفجانج
260 _a[S.N] :
_bالمؤسسة العربية للدراسات والنشر ،
_c1980
300 _a530 ص
490 _a
650 0 4 _aالشعر العربى
650 0 4 _aالادب العربى
650 0 4 _aالعصر الحديث
650 0 4 _aدواوين وقصائد
942 _2ddc
_cBK
999 _c35172
_d35172